Every The LEGO Batman Movie Minifigure Ever Released - Statistics

General Stats
  • This quiz has been taken 18 times
  • The average score is 37 of 66
Answer Stats
% Correct
Batman
100%
Bruce Wayne
100%
Dick Grayson
100%
Nightwing
100%
Red Hood
100%
Robin
100%
The Joker
100%
Catwoman
93%
Commissioner Gordon
93%
Mr. Freeze
93%
Alfred Pennyworth
86%
Bane
86%
Barbara Gordon
86%
Batgirl
86%
The Riddler
86%
The Scarecrow
86%
Two-Face
86%
Condiment King
79%
Killer Croc
79%
The Penguin
79%
Dr. Harleen Quinzel
71%
Harley Quinn
71%
Poison Ivy
71%
Egghead
64%
Superman
64%
Calendar Man
57%
Man-Bat
57%
General Zod
50%
Killer Moth
50%
Police Officer
50%
Security Guard
50%
Aaron Cash
43%
El Dorado
43%
Hawkgirl
43%
Hugo Strange
43%
Kabuki Twin
43%
Kite-Man
43%
Magpie
43%
Polka-Dot Man
43%
Zodiac Master
43%
Captain Boomerang
36%
Chief O'Hara
36%
Crazy Quilt
36%
Green Arrow
36%
Mayor McCaskill
36%
Mime
36%
Mutant Leader
36%
Orca
36%
Penguin Minion
36%
Tarantula
36%
Zebra Man
36%
Apache Chief
29%
Black Canary
29%
Black Vulcan
29%
Calculator
29%
Catman
29%
Doctor Phosphorus
29%
Eraser
29%
Jayna
29%
Jor-El
29%
March Harriet
29%
Wonder Dog
29%
Zan
29%
Clock King
21%
Gentleman Ghost
21%
King Tut
21%
No matching quizzes found
Score Distribution
Percent of People with Each Score
Percentile by Number Answered
Your Score History
You have not taken this quiz